| 000 | 02491nam a2200325 a 4500 | ||
|---|---|---|---|
| 001 | 000028176 | ||
| 003 | OSt | ||
| 005 | 20250621074007.0 | ||
| 008 | 110407s2010 dr ac 001 0dspa d | ||
| 020 | _a9789945457285 | ||
| 040 |
_aDO-SdBNP _bspa _cBNPHU |
||
| 049 | _aBNPD | ||
| 082 |
_a972.93053 _bD559n |
||
| 100 | 1 |
_aDiederich, Bernard, _d1927- _945019 |
|
| 245 | 1 | 0 |
_aNavidad con libertad : _bla lucha por la libertad del pueblo dominicano, 1961 / _cBernard Diederich. |
| 250 | _a[1ª ed. en español] | ||
| 260 |
_aSanto Domingo : _bSociedad Dominicana de Bibliófilos, _c2010. |
||
| 300 |
_a317 p. : _bil., retr. ; _c23 cm. |
||
| 490 | 1 |
_aBibliófilos 2000 _v30 |
|
| 500 | _aIncluye datos biográficos del autor en la contracubierta. | ||
| 504 | _aIncluye bibliografía y notas al pie de páginas. | ||
| 505 | 0 |
_gIntroducción / _tMataron al Chivo -- _t¿El chofer de El Jefe? -- _tUna noticia mundial -- _tEl Obispo O´Reilly: última víctima de Trujillo -- _tEl alcance letal de El Jefe -- _tEl Pato: el nuevo dictador -- _tEl nuevo elenco de personalidades en Ciudad Trujillo -- _tLa breve visita de la OEA -- _tSacha Volman, hombre de avance del PRD -- _tVisita al siquiatra -- _tRegresan los exiliados del PRD -- _tLos partidos políticos. Movimiento Popular Dominicano -- _tDe la frontera a Ciudad Trujillo -- _t¿Presidente títere? -- _tLa Sosúa judía tiene víctimas -- _tMataron a Bermúdez -- _tBalaguer pronostica una guerra civil -- _tBatalla de las sanciones: ¡Basta ya! -- _tCastro dicta la política -- _tTrato secreto con los hombres de Kennedy -- _tProfesor Juan Bosch, el patriota errante -- _t¿Golpe de Estado o coalición? -- _tVacaciones para Petán y Negro -- _tDestruyendo el pasado -- _tLas cabezas hablantes -- _tEl cortejo de la prensa extranjera -- _tLlorando en su Whisky Chivas Regal. El fin de Ramfis -- _tAsesinaron y se despidieron -- _tPerdura la mentalidad de censura -- _tMi cárcel fronteriza -- _tNavidad con libertad -- _tAmistades que lo arriesgaron todo -- _tHéroe por un sólo día -- _tEl golpe de Rodríguez Echavarría -- _tFin del Club del Dictador -- _gÍndice de nombres. |
|
| 600 | 1 | 0 |
_aTrujillo Molina, Rafael Leónidas, _d1891-1961 _xMuerte _910869 |
| 650 | 4 |
_aHomicidio político _zRepública Dominicana _911383 |
|
| 651 | 0 |
_aRepública Dominicana -- _xHistoria -- _y1961- _96572 |
|
| 651 | 0 |
_aRepública Dominicana _xPolítica y gobierno _945 |
|
| 830 | 0 |
_aBibliófilos 2000 _n30 _955177 |
|
| 910 | _aValidado. Control de calidad EMS | ||
| 942 |
_2ddc _cLBS1 |
||
| 999 |
_c27668 _d27668 |
||